[Event "Charleville Mezieres op 5th"]
[Site "Charleville Mezieres"]
[Date "2008.??.??"]
[Round "1"]
[White "Hacene, Ahmed"]
[Black "Dauchy Louis, Elodie"]
[Result "1-0"]
[WhiteElo "1709"]
[BlackElo "1030"]
[PlyCount "49"]
[EventDate "2008.12.26"]
[EventType "swiss"]
[EventRounds "7"]
[EventCountry "FRA"]
[SourceTitle "CBM 128 Extra"]
[Source "ChessBase"]
[SourceDate "2009.03.05"]
[SourceVersion "2"]
[SourceVersionDate "2009.03.25"]
[SourceQuality "1"]

1. e4 e5 2. Nf3 Nc6 3. Bc4 Bc5 4. 0-0 Nf6 5. d3 0-0 6. Bg5 Na5 7. Bb3 Nxb3 8. axb3 d6 9. h3 Be6 10. Nc3 d5 11. Nxe5 dxe4 12. Nxe4 Nxe4 13. Bxd8 Raxd8 14. Qe2 Bf5 15. dxe4 Be6 16. Nd3 Bd4 17. c3 Bb6 18. c4 c5 19. Nf4 h6 20. Rfd1 Rc8 21. Nd5 Bd8 22. Rxa7 Rb8 23. f4 f5 24. exf5 Rxf5 25. Qxe6+ 1-0

[Event "Charleville Mezieres op 5th"]
[Site "Charleville Mezieres"]
[Date "2008.??.??"]
[Round "7"]
[White "Roule, Angela"]
[Black "Dauchy Louis, Elodie"]
[Result "1-0"]
[WhiteElo "1340"]
[BlackElo "1030"]
[PlyCount "34"]
[EventDate "2008.12.26"]
[EventType "swiss"]
[EventRounds "7"]
[EventCountry "FRA"]
[SourceTitle "CBM 128 Extra"]
[Source "ChessBase"]
[SourceDate "2009.03.05"]
[SourceVersion "2"]
[SourceVersionDate "2009.03.25"]
[SourceQuality "1"]

1. e4 e5 2. Nf3 Nc6 3. Bb5 a6 4. Bxc6 bxc6 5. Nxe5 Qe7 6. d4 Nh6 7. Bxh6 gxh6 8. Nc3 Bg7 9. Nf3 0-0 10. 0-0 d6 11. Re1 Be6 12. d5 Bxc3 13. bxc3 Bd7 14. e5 Qd8 15. e6 Bc8 16. e7 Qd7 17. exf8Q+ Kxf8 1-0

[Event "Charleville Mezieres op 5th"]
[Site "Charleville Mezieres"]
[Date "2008.??.??"]
[Round "6"]
[White "Sioche, Jeson"]
[Black "Dauchy Louis, Elodie"]
[Result "1-0"]
[WhiteElo "1310"]
[BlackElo "1030"]
[PlyCount "21"]
[EventDate "2008.12.26"]
[EventType "swiss"]
[EventRounds "7"]
[EventCountry "FRA"]
[SourceTitle "CBM 128 Extra"]
[Source "ChessBase"]
[SourceDate "2009.03.05"]
[SourceVersion "2"]
[SourceVersionDate "2009.03.25"]
[SourceQuality "1"]

1. e4 e5 2. Nf3 Nc6 3. Nc3 Nf6 4. Bb5 Bb4 5. 0-0 0-0 6. Bxc6 Bxc3 7. dxc3 dxc6 8. Nxe5 Qxd1 9. Rxd1 Bg4 10. f3 Rae8 11. Nxg4 1-0